[Event "Open A"]
[Site "Moscow RUS"]
[Date "2010.02.02"]
[Round "4"]
[White "Rublevsky,S"]
[Black "Khusnutdinov,R"]
[Result "1-0"]
[WhiteElo "2697"]
[BlackElo "2513"]
[EventDate "2010.01.30"]

1. e4 c5 2. Nf3 d6 3. d4 cxd4 4. Nxd4 Nf6 5. Nc3 a6 6. Bc4 e6 7. Bb3 b5 8.
O-O Be7 9. Qf3 Qc7 10. Qg3 Nc6 11. Nxc6 Qxc6 12. Re1 Bb7 13. a3 Rd8 14. f3
O-O 15. Bh6 Ne8 16. Rad1 Bf6 17. Kh1 Kh8 18. Bg5 Bxg5 19. Qxg5 Nf6 20. Rd4
Qc5 21. Qd2 e5 22. Rd3 Rd7 23. Rd1 Rfd8 24. Bd5 Nxd5 25. Nxd5 Bxd5 26. Rxd5
Qc4 27. Qd3 h6 28. h4 Qc6 29. h5 Kg8 30. c3 Kf8 31. Qe2 Qb6 32. R1d3 Re8
33. Rd2 Re6 34. Kh2 Qd8 35. g3 Qb6 36. Kg2 Qa7 37. a4 bxa4 38. Ra5 Qb6 39.
Qxa6 Qe3 40. Rad5 Qg5 41. Qxa4 Rd8 42. Qa5 Rde8 43. Rxd6 Kg8 44. Qa7 Qxh5
45. Qd7 Kh7 46. b4 Ra8 47. Rxe6 Ra1 48. Rxh6+ Qxh6 49. Qf5+ 1-0

[Event "Open A"]
[Site "Moscow RUS"]
[Date "2010.02.02"]
[Round "4"]
[White "Lastin,A"]
[Black "Lintchevski,D"]
[Result "1/2-1/2"]
[WhiteElo "2659"]
[BlackElo "2498"]
[EventDate "2010.01.30"]

1. e4 c5 2. Nf3 e6 3. d4 cxd4 4. Nxd4 Nf6 5. Nc3 Nc6 6. Nxc6 bxc6 7. e5 Nd5
8. Ne4 Bb7 9. Be2 c5 10. O-O Qc7 11. c4 Ne3 12. Nd6+ Bxd6 13. exd6 Qc6 14.
Bf3 Nxd1 15. Bxc6 Bxc6 16. Rxd1 O-O 17. Be3 Rfc8 18. Rd3 Be4 19. Rb3 e5 20.
f3 Bf5 1/2-1/2

[Event "Open A"]
[Site "Moscow RUS"]
[Date "2010.02.02"]
[Round "4"]
[White "Ismagambetov,An"]
[Black "Nepomniachtchi,I"]
[Result "1-0"]
[WhiteElo "2497"]
[BlackElo "2658"]
[EventDate "2010.01.30"]

1. e4 c5 2. Nf3 d6 3. d4 cxd4 4. Nxd4 Nf6 5. Nc3 a6 6. Bg5 e6 7. Qe2 h6 8.
Bh4 g5 9. Bg3 Nbd7 10. h4 Rg8 11. hxg5 hxg5 12. O-O-O Qc7 13. Qd2 Ne5 14.
Be2 Bd7 15. Nf3 b5 16. a3 Qc5 17. Bxe5 dxe5 18. Nxg5 Bc6 19. Bh5 Nxh5 20.
Rxh5 Be7 21. Nxf7 Kxf7 22. Qe2 Bg5+ 23. Kb1 Rg7 24. Qf3+ Ke7 25. Nd5+ exd5
26. exd5 Rd8 27. dxc6 Rxd1+ 28. Qxd1 Qxc6 29. Rh8 Bf6 30. Qd8+ Ke6 31. Re8+
Be7 32. b3 Qc5 33. Qa8 Qxa3 34. Qc8+ Kf6 35. g4 Rh7 36. g5+ Kf7 37. g6+
Kxg6 38. Rg8+ Rg7 39. Qg4+ Bg5 40. Rxg7+ Kxg7 41. Qxg5+ Kh7 42. Qf5+ Kh6
43. Qxe5 Qb4 44. Qf6+ Kh5 45. Qxa6 Qe1+ 46. Ka2 Qe2 47. Qc6 b4 48. Qc5+ Kg6
49. Kb2 Qe4 50. Qe3 Qb7 51. Qe5 Qb6 52. f4 Qc6 53. f5+ Kf7 54. Qd4 Qb7 55.
Qd6 Qc8 56. Qg6+ Ke7 57. Qg7+ 1-0

[Event "Open A"]
[Site "Moscow RUS"]
[Date "2010.02.02"]
[Round "4"]
[White "Kazhgaleyev,M"]
[Black "Bezgodov,A"]
[Result "0-1"]
[WhiteElo "2643"]
[BlackElo "2490"]
[EventDate "2010.01.30"]

1. c4 e5 2. Nc3 Bb4 3. Nd5 a5 4. a3 Be7 5. Nf3 c6 6. Nc3 d6 7. g3 Nf6 8. d3
O-O 9. Bg2 Re8 10. O-O Bf8 11. Bg5 Nbd7 12. b4 h6 13. Bd2 e4 14. dxe4 Nxe4
15. b5 Ndc5 16. Nd4 Bd7 17. Qc2 Nxd2 18. Qxd2 Qc8 19. Rad1 a4 20. Qc2 Qc7
21. e3 Ne6 22. Nf5 Nc5 23. Nd4 Ne6 24. h4 Nxd4 25. Rxd4 Ra5 26. Qd2 Bf5 27.
Rd1 Raa8 28. Qe2 Rac8 29. Qf3 Be6 30. Qe2 Bf5 31. Kh2 Be7 32. Rf4 Be6 33.
Qh5 Bf8 34. Bf1 Qa5 35. Ne4 d5 36. Bh3 Qc7 37. Nc3 g6 38. Qe2 Bxh3 39. Kxh3
Bg7 40. Nxa4 d4 41. e4 cxb5 42. cxb5 Qa5 43. Nb2 Qxa3 44. h5 g5 45. Rf5 Qb3
46. Nd3 Qe6 47. Re1 Rc3 48. Nb4 d3 49. Qg4 d2 50. Rd1 Rc4 51. Nd5 Rxe4 0-1

[Event "Open A"]
[Site "Moscow RUS"]
[Date "2010.02.02"]
[Round "4"]
[White "Shcherbakov,R"]
[Black "Savchenko,B"]
[Result "1/2-1/2"]
[WhiteElo "2505"]
[BlackElo "2638"]
[EventDate "2010.01.30"]

1. e4 c5 2. Nf3 Nc6 3. d4 cxd4 4. Nxd4 g6 5. c4 Nf6 6. Nc3 Nxd4 7. Qxd4 d6
8. Be2 Bg7 9. Be3 O-O 10. Qd2 Be6 11. Rc1 Qa5 12. f3 Rfc8 13. b3 a6 14. Na4
Qxd2+ 15. Kxd2 Nd7 16. g4 f5 17. exf5 gxf5 18. h3 Rc6 19. Rhg1 fxg4 20.
hxg4 d5 21. cxd5 Bxd5 22. Rxc6 Bxc6 23. Nb6 Nxb6 24. Bxb6 Bb5 25. Bc4+ Bxc4
26. bxc4 Rf8 27. Ke3 Rf6 28. Rb1 Re6+ 29. Kd3 Rd6+ 30. Ke4 Kf7 31. Be3 Re6+
32. Kd3 Rd6+ 33. Ke4 Re6+ 34. Kd3 Rd6+ 35. Ke2 Rd7 36. f4 e6 37. c5 Bf8 38.
Rb6 Rc7 39. Kd3 Bxc5 40. Bxc5 Rxc5 41. Rxb7+ Kg8 42. Re7 Ra5 43. Ke4 Rxa2
44. Ke5 h6 45. Kxe6 Rb2 46. Ra7 Rb6+ 47. Ke5 Rb5+ 48. Ke6 Rb6+ 49. Ke5 Rb5+
50. Ke4 Rb4+ 51. Kf5 Rb5+ 52. Kg6 Rb6+ 53. Kh5 Rf6 54. f5 Rb6 55. Rc7 Rd6
56. Ra7 Rc6 57. Kh4 Rf6 58. Rc7 Kf8 59. Ra7 Kg8 60. Kg3 h5 61. Kh4 hxg4 62.
Kg5 Rf7 63. Ra8+ Kh7 64. Kxg4 Rf6 65. Kg5 Rb6 66. Ra7+ 1/2-1/2

[Event "Open A"]
[Site "Moscow RUS"]
[Date "2010.02.02"]
[Round "4"]
[White "Looshnikov,N"]
[Black "Amonatov,F"]
[Result "0-1"]
[WhiteElo "2500"]
[BlackElo "2634"]
[EventDate "2010.01.30"]

1. e4 c5 2. c3 d5 3. exd5 Qxd5 4. d4 Nc6 5. Nf3 Bg4 6. Be2 cxd4 7. cxd4 e6
8. Nc3 Qa5 9. h3 Bh5 10. O-O Nf6 11. Qb3 Qb4 12. Be3 Bd6 13. Nb5 O-O 14.
Nxd6 Qxd6 15. Rac1 Rab8 16. Rfd1 Nd5 17. Rc5 Rfd8 18. Qa3 h6 19. Rdc1 a6
20. Bd1 Nce7 21. Bd2 Nc6 22. Rxd5 Qxd5 23. Rc5 Qe4 24. Bc2 Qe2 25. Rxh5
Nxd4 26. Ba5 Nxc2 27. Qa4 Rd1+ 28. Kh2 Qxf2 29. Qf4 Rc8 30. Bd2 Nd4 0-1

[Event "Open A"]
[Site "Moscow RUS"]
[Date "2010.02.02"]
[Round "4"]
[White "Ipatov,A ESP"]
[Black "Volkov,Sergey1"]
[Result "1-0"]
[WhiteElo "2497"]
[BlackElo "2623"]
[EventDate "2010.01.30"]

1. d4 e6 2. c4 d5 3. Nc3 c6 4. e3 f5 5. g4 Nh6 6. h3 Bd6 7. Bd3 e5 8. cxd5
O-O 9. Qc2 Kh8 10. Bd2 cxd5 11. dxe5 Bxe5 12. g5 Nf7 13. f4 d4 14. fxe5
dxc3 15. Bxc3 Nxg5 16. O-O-O Qd5 17. Ne2 Nc6 18. e6 Qxa2 19. Rhg1 h6 20.
Nf4 Bxe6 21. Rxg5 hxg5 22. Qg2 Rac8 23. Bb1 Qb3 24. Bc2 Qxc3 25. Ng6+ Kg8
26. bxc3 Rf6 27. Qxg5 Rc7 28. Rd6 Kf7 29. Qh5 Rxg6 30. Rxe6 Kxe6 31. Qxg6+
Kd5 32. Qxf5+ Ne5 33. Qe4+ Kd6 34. Qd4+ Ke6 35. Bb3+ 1-0

[Event "Open A"]
[Site "Moscow RUS"]
[Date "2010.02.02"]
[Round "4"]
[White "Krapivin,A"]
[Black "Azarov,S"]
[Result "0-1"]
[WhiteElo "2495"]
[BlackElo "2622"]
[EventDate "2010.01.30"]

1. e4 c5 2. Nc3 Nc6 3. g3 g6 4. Bg2 Bg7 5. d3 d6 6. Be3 Rb8 7. Qd2 b5 8.
Nge2 b4 9. Nd1 Nd4 10. O-O e6 11. f4 Ne7 12. g4 f5 13. h3 O-O 14. Ng3 Qa5
15. Bf2 fxe4 16. dxe4 Ba6 17. Re1 Nec6 18. Be3 Qa4 19. b3 Qa3 20. Rc1 Qxa2
21. Nf2 Bb5 22. g5 a5 23. Ng4 a4 24. bxa4 Bxa4 25. e5 dxe5 26. Nf6+ Bxf6
27. gxf6 Rbd8 28. Qf2 Rxf6 29. Ne4 Rf7 30. Qh4 Nf5 31. Qg5 Nxe3 32. Rxe3
Qb2 33. Rf1 exf4 34. Rxf4 Rxf4 35. Qxf4 Rf8 36. Qg5 Rf5 37. Qg3 Qa1+ 38.
Re1 Qe5 39. Qxe5 Nxe5 40. Nxc5 Bxc2 41. Nxe6 Nd3 42. Ra1 b3 0-1

[Event "Open A"]
[Site "Moscow RUS"]
[Date "2010.02.02"]
[Round "4"]
[White "Naumkin,I"]
[Black "Vorobiov,E"]
[Result "0-1"]
[WhiteElo "2484"]
[BlackElo "2621"]
[EventDate "2010.01.30"]

1. d4 Nf6 2. c4 g6 3. Nc3 Bg7 4. e4 d6 5. Nf3 O-O 6. Be2 e5 7. d5 a5 8. Bg5
h6 9. Bh4 Na6 10. O-O Bd7 11. Nd2 Qe8 12. b3 Nh7 13. a3 h5 14. f3 Bh6 15.
Kh1 Be3 16. Rb1 f5 17. exf5 gxf5 18. f4 exf4 19. Bxh5 Qe5 20. Ne2 Nc5 21.
Bg6 Qg7 22. Nxf4 Nf6 23. b4 axb4 24. axb4 Bxf4 25. bxc5 Bxd2 26. Bxf5 Bxf5
27. Rxf5 Ne4 28. Qf3 Qg6 29. g4 Nxc5 30. Rf1 Rxf5 31. gxf5 Qh6 32. Bf2 Nd7
33. Bd4 Kf7 34. f6 Rh8 35. Qg2 Ne5 36. Bxe5 dxe5 37. d6 c6 38. c5 Bf4 39.
Qa2+ Kxf6 40. Rf2 Qxh2+ 41. Rxh2 Rxh2+ 42. Qxh2 Bxh2 43. Kxh2 Ke6 44. Kg3
b6 45. cxb6 Kxd6 46. Kf3 c5 0-1

[Event "Open A"]
[Site "Moscow RUS"]
[Date "2010.02.03"]
[Round "5"]
[White "Khismatullin,D"]
[Black "Kurnosov,I"]
[Result "1/2-1/2"]
[WhiteElo "2651"]
[BlackElo "2668"]
[EventDate "2010.01.30"]

1. d4 Nf6 2. c4 e6 3. Nc3 Bb4 4. Bg5 c5 5. d5 h6 6. Bh4 d6 7. e3 Bxc3+ 8.
bxc3 e5 9. Qc2 Nbd7 10. Nf3 Qe7 11. Nd2 g5 12. Bg3 Nh5 13. Be2 1/2-1/2

[Event "Open A"]
[Site "Moscow RUS"]
[Date "2010.02.03"]
[Round "5"]
[White "Zhigalko,S"]
[Black "Andreikin,D"]
[Result "0-1"]
[WhiteElo "2668"]
[BlackElo "2635"]
[EventDate "2010.01.30"]

1. e4 e6 2. d4 d5 3. e5 c5 4. c3 Nc6 5. Nf3 Qb6 6. a3 c4 7. Nbd2 Na5 8. Be2
Bd7 9. O-O Ne7 10. Rb1 Qc7 11. Re1 Nc8 12. Nf1 Nb6 13. Bf4 Nb3 14. Ng3 Ba4
15. Bf1 O-O-O 16. Nh5 h6 17. Qe2 Na5 18. Qd2 Qc6 19. Re2 Qe8 20. g4 Be7 21.
Rbe1 Qg8 22. Qc1 Qh7 23. Qb1 Qxb1 24. Rxb1 g6 25. Ng3 Bb3 26. Bh3 Na4 27.
Rf1 b5 28. Be3 Nc6 29. Ne1 a5 30. f4 b4 31. axb4 axb4 32. cxb4 Nxb4 33. Rd2
Kd7 34. f5 Nd3 35. Nxd3 cxd3 36. Ra1 Bb4 37. Rxd3 Bc2 38. fxe6+ fxe6 39.
Bf1 Nxb2 40. Ra7+ Kc6 41. Ra6+ Kc7 42. Rd2 Bxd2 43. Bxd2 Nc4 44. Bb4 Rb8
45. Bc5 Rhe8 46. Ra2 Bb1 47. Ra7+ Rb7 48. Ra6 Nd2 49. Bg2 Bd3 50. Ra3 Nb3
51. Bd6+ Kd7 52. h4 Rc8 53. h5 g5 54. Kh2 Rc2 55. Bf8 Nxd4 56. Rxd3 Rbb2
57. Bxh6 Rxg2+ 58. Kh1 Rgf2 0-1

[Event "Open A"]
[Site "Moscow RUS"]
[Date "2010.02.03"]
[Round "5"]
[White "Bezgodov,A"]
[Black "Najer,E"]
[Result "1/2-1/2"]
[WhiteElo "2490"]
[BlackElo "2665"]
[EventDate "2010.01.30"]

1. e4 c5 2. Nf3 d6 3. d4 cxd4 4. Nxd4 Nf6 5. Nc3 a6 6. g3 e5 7. Nb3 Be7 8.
Bg2 b5 9. a4 b4 10. Nd5 Nxd5 11. exd5 a5 12. O-O O-O 13. Bd2 Na6 14. Re1
Bf5 15. c4 Rc8 16. Bf1 Bd7 17. Be3 Qc7 18. Qd2 Rcd8 19. f3 Nc5 20. Nxc5
dxc5 21. b3 Bd6 22. Bd3 Rde8 23. Qg2 Qc8 24. Re2 Bh3 25. Qf2 f5 26. Bc2 e4
27. Bf4 Bxf4 28. gxf4 exf3 29. Rxe8 Rxe8 30. Re1 g5 31. Qg3 Kh8 32. Re5
gxf4 33. Qh4 Rxe5 34. Qf6+ Kg8 35. Qxe5 Kf7 36. Kf2 Bg4 37. h3 Qd8 38. Qe6+
Kg7 39. Qe5+ Kf7 40. Qe6+ Kg7 1/2-1/2

[Event "Open A"]
[Site "Moscow RUS"]
[Date "2010.02.03"]
[Round "5"]
[White "Sasikiran,K"]
[Black "Ismagambetov,An"]
[Result "1-0"]
[WhiteElo "2653"]
[BlackElo "2497"]
[EventDate "2010.01.30"]

1. d4 Nf6 2. c4 e6 3. g3 d5 4. Nf3 dxc4 5. Bg2 c6 6. a4 c5 7. O-O Nc6 8.
dxc5 Qxd1 9. Rxd1 Bxc5 10. Nbd2 c3 11. bxc3 O-O 12. Nb3 Be7 13. Nfd4 Rd8
14. Bxc6 bxc6 15. Na5 Ba6 16. Naxc6 Rd7 17. Bf4 Nd5 18. Nb5 Rb7 19. c4 Nxf4
20. Nxe7+ Rxe7 21. gxf4 Rc8 22. Rd6 Bxb5 23. cxb5 Rb7 24. Rad1 Kf8 25. Rd7
Rcc7 26. Rxc7 Rxc7 27. Rd6 Ke7 28. Ra6 Kd7 29. Kg2 Kc8 30. a5 h6 31. h4 Rd7
32. Rc6+ Rc7 33. Ra6 Rd7 34. Kf3 Kb8 35. b6 axb6 36. Rxb6+ Ka7 37. Rc6 Kb7
38. Rc5 Rd6 39. f5 exf5 40. Rxf5 f6 41. h5 Rd1 42. Rc5 Rh1 43. Kg2 Rh4 44.
f3 Ra4 45. Kg3 Ra1 46. e4 Re1 47. Kf2 Ra1 48. Ke3 Re1+ 49. Kf4 Rh1 50. Rf5
Kc6 51. Ke3 Ra1 52. Rd5 Re1+ 53. Kf4 Rh1 54. Kg4 Rh2 55. f4 Rh1 56. Rd3 Ra1
57. Kf5 Rxa5+ 58. Kg6 Ra7 59. Rd8 Re7 60. f5 Kc5 61. Rg8 Rxe4 62. Rxg7 Kd6
63. Kxf6 Re1 64. Rh7 Rf1 65. Rxh6 Kd5 66. Rg6 1-0

[Event "Open A"]
[Site "Moscow RUS"]
[Date "2010.02.03"]
[Round "5"]
[White "Amonatov,F"]
[Black "Shimanov,A"]
[Result "1-0"]
[WhiteElo "2634"]
[BlackElo "2535"]
[EventDate "2010.01.30"]

1. e4 c6 2. d4 d5 3. e5 Bf5 4. Nf3 e6 5. Be2 c5 6. Be3 cxd4 7. Nxd4 Ne7 8.
c4 Nbc6 9. Nc3 Nxd4 10. Bxd4 dxc4 11. Qa4+ Nc6 12. O-O-O Qc8 13. g4 Bg6 14.
h4 h6 15. f4 Be7 16. f5 exf5 17. Nd5 Bd8 18. Bc5 a6 19. Qxc4 Nxe5 20. Qc3
f6 21. Rhe1 fxg4 22. Bf1 b5 23. Nf4 Bf5 24. Rxe5+ fxe5 25. Qxe5+ Kf7 26.
Bg2 Re8 27. Bd5+ Be6 28. Qh5+ 1-0

[Event "Open A"]
[Site "Moscow RUS"]
[Date "2010.02.03"]
[Round "5"]
[White "Azarov,S"]
[Black "Ipatov,A ESP"]
[Result "1/2-1/2"]
[WhiteElo "2622"]
[BlackElo "2497"]
[EventDate "2010.01.30"]

1. e4 c5 2. Nf3 Nc6 3. d4 cxd4 4. Nxd4 Nf6 5. Nc3 d6 6. Bc4 e6 7. Be3 Be7
8. Bb3 Na5 9. Qe2 Bd7 10. f4 Nxb3 11. axb3 O-O 12. O-O a6 13. e5 Ne8 14.
Rad1 Qa5 15. Bf2 g6 16. Qe1 Qc7 17. Kh1 Bc6 18. Nxc6 Qxc6 19. Bh4 Bxh4 20.
Qxh4 f5 21. Ne2 d5 22. Nd4 Qd7 23. c3 1/2-1/2

[Event "Open A"]
[Site "Moscow RUS"]
[Date "2010.02.03"]
[Round "5"]
[White "Vorobiov,E"]
[Black "Krivoborodov,E"]
[Result "1/2-1/2"]
[WhiteElo "2621"]
[BlackElo "2471"]
[EventDate "2010.01.30"]

1. e4 c5 2. Nf3 d6 3. d4 cxd4 4. Nxd4 Nf6 5. Nc3 Nc6 6. Bg5 e6 7. Qd2 a6 8.
O-O-O Nxd4 9. Qxd4 Be7 10. Be2 b5 11. e5 dxe5 12. Qxe5 Bd7 13. Bf3 Ng4 14.
Qxg7 Bxg5+ 15. Kb1 Qf6 16. Qxf6 Bxf6 17. Ne4 Be5 18. Bxg4 Bc6 19. Bf3 Bxe4
20. Bxe4 Ra7 21. c3 Ke7 22. g3 h6 23. f4 Bg7 24. f5 Be5 25. fxe6 Kxe6 26.
g4 f6 27. h4 Ke7 28. a3 Rd7 29. Rxd7+ Kxd7 30. Kc2 Kc7 31. Bf5 Rd8 32. Re1
Re8 33. h5 Re7 34. Rf1 Bd6 35. Bd3 Be5 36. b4 Kb6 37. Kb3 Rc7 38. c4 bxc4+
39. Bxc4 a5 40. a4 Rg7 41. Be6 Rc7 42. Rf3 Rc1 43. Bf5 axb4 44. Kxb4 Bd6+
45. Kb3 Ra1 46. Kc4 Rxa4+ 47. Kd5 Bf4 48. Ke6 Bg5 49. Kf7 Kc5 50. Kg6 Kd6
51. Rd3+ Ke7 52. Rd7+ Ke8 53. Rb7 Rd4 54. Kg7 Rd6 55. Bg6+ Kd8 56. Rb8+ Kc7
57. Re8 Rd8 58. Re4 Rd7+ 59. Bf7 Rd6 60. Be6 Kd8 61. Kf7 Kc7 62. Bf5 Rd8
63. Ke7 Rd6 64. Ra4 Rb6 65. Kf7 Rb8 66. Rc4+ Kd6 67. Rd4+ Ke5 68. Re4+ Kd6
69. Re6+ Kc7 70. Re7+ Kd6 71. Rd7+ Ke5 72. Kg6 Rg8+ 73. Kh7 Rb8 74. Rg7 Kd6
75. Rxg5 hxg5 76. h6 Ke5 77. Kg7 Rb7+ 78. Kg6 Rb8 79. h7 Ra8 80. Kg7 Ra7+
81. Kg6 Ra8 82. Bd7 Rd8 83. Ba4 f5 84. gxf5 Rh8 85. f6 Rxh7 86. Kxh7
1/2-1/2

[Event "Open A"]
[Site "Moscow RUS"]
[Date "2010.02.03"]
[Round "5"]
[White "Matlakov,M"]
[Black "Reshetnikov,Al"]
[Result "1-0"]
[WhiteElo "2587"]
[BlackElo "2447"]
[EventDate "2010.01.30"]

1. d4 d5 2. Nf3 Nf6 3. c4 c6 4. e3 Bg4 5. Qb3 Qb6 6. Nc3 e6 7. Nh4 g5 8.
Nf3 h6 9. Bd3 Rg8 10. Bd2 Nbd7 11. Qc2 Bh5 12. h4 g4 13. Ng1 Bg6 14. Bxg6
Rxg6 15. Nge2 dxc4 16. e4 g3 17. f3 e5 18. h5 Rg8 19. Be3 exd4 20. Nxd4 Ne5
21. O-O-O Nd3+ 22. Kb1 O-O-O 23. Nf5 Qa5 24. Bxh6 b5 25. Bxf8 Rgxf8 26. e5
Nd7 27. Nxb5 N7xe5 28. Nc3 Kc7 29. Qa4 Qc5 30. Ne4 Qb6 31. Qa3 c5 32. Rd2
Nf2 33. Qc3 Rxd2 34. Qxe5+ Kc8 35. Nxd2 Nxh1 36. Nxc4 Qc7 37. Qe4 Kb8 38.
Ne5 Nf2 39. Qd5 Re8 40. Nd7+ Kc8 41. Nd6+ 1-0

[Event "Open A"]
[Site "Moscow RUS"]
[Date "2010.02.03"]
[Round "5"]
[White "Miton,K"]
[Black "Sergienko,S"]
[Result "1/2-1/2"]
[WhiteElo "2586"]
[BlackElo "2400"]
[EventDate "2010.01.30"]

1. d4 d5 2. c4 dxc4 3. e4 Nc6 4. Nf3 Bg4 5. d5 Ne5 6. Bf4 Ng6 7. Be3 e5 8.
Bxc4 Nf6 9. Nc3 Bd6 10. Bb5+ Bd7 11. Bxd7+ Qxd7 12. O-O O-O 13. Qb3 Ng4 14.
Bd2 Rab8 15. h3 Nf6 16. Be3 a6 17. Kh2 Nh5 18. Ba7 Ra8 19. Qxb7 Ne7 20. Nd2
Bc5 21. Bxc5 Rfb8 22. Qxa8 Rxa8 23. Nc4 Ng6 24. Rfe1 Re8 25. g3 f5 26. Rad1
Nf6 27. exf5 Qxf5 28. d6 Nf4 29. gxf4 Qxf4+ 30. Kg2 Qxc4 31. Ba3 cxd6 32.
Bxd6 Qc6+ 33. Kg1 Nd7 34. Ne4 h6 35. Kh2 Re6 36. b4 Rg6 37. Bc5 Nf6 38.
Nxf6+ Qxf6 39. Rg1 Rxg1 40. Rxg1 Qf4+ 41. Rg3 Kf7 42. Kg2 Qe4+ 43. Kh2 g5
44. a4 Ke6 45. a5 Qf4 46. Kg2 Qe4+ 47. Kh2 Qf5 48. Be3 Qe4 1/2-1/2

[Event "Open A"]
[Site "Moscow RUS"]
[Date "2010.02.03"]
[Round "5"]
[White "Stukopin,A"]
[Black "Rychagov,A"]
[Result "1/2-1/2"]
[WhiteElo "2423"]
[BlackElo "2568"]
[EventDate "2010.01.30"]

1. e4 e6 2. d3 d5 3. Nd2 c5 4. Ngf3 Nc6 5. g3 g6 6. Bg2 Bg7 7. O-O Nf6 8.
Re1 O-O 9. a3 b6 10. c3 a5 11. e5 Nd7 12. d4 cxd4 13. cxd4 f6 14. Qa4 Bb7
15. exf6 Qxf6 16. Nb3 e5 17. Qb5 a4 18. Qxd5+ Rf7 19. Bg5 Qf5 20. Nbd2 Na5
21. Qb5 Nb3 22. Be3 Nxa1 23. Nh4 Qf6 24. Bxb7 Ra5 25. Qc4 exd4 26. Ne4 Qe7
27. Bf4 Ne5 28. Bxe5 Rxe5 29. Bd5 Nb3 30. Nf3 Rxd5 31. Qxd5 Qb7 32. Qc4 b5
33. Qd3 Re7 34. h4 Qd5 35. Neg5 1/2-1/2

[Event "Open A"]
[Site "Moscow RUS"]
[Date "2010.02.03"]
[Round "5"]
[White "Danin,A"]
[Black "Lastin,A"]
[Result "0-1"]
[WhiteElo "2519"]
[BlackElo "2659"]
[EventDate "2010.01.30"]

1. e4 c6 2. d4 d5 3. exd5 cxd5 4. c4 Nf6 5. Nc3 e6 6. Nf3 Bb4 7. cxd5 Nxd5
8. Qc2 Nc6 9. Bd3 Be7 10. a3 Bf6 11. Be3 h6 12. O-O O-O 13. Ne4 Nce7 14.
Rac1 b6 15. Qd2 Nf5 16. Nxf6+ Nxf6 17. Qc2 Ne7 18. Qc7 Qxc7 19. Rxc7 Nfd5
20. Rcc1 Bb7 21. Ne5 Rfd8 22. Rfe1 Rac8 23. Rxc8 Rxc8 24. Rc1 Rd8 25. Kf1
g5 26. Ke2 f6 27. Nf3 Kf7 28. g3 Nf5 29. Nd2 h5 30. Ne4 h4 31. Bb1 Rd7 32.
Nc3 hxg3 33. Nxd5 gxh2 34. Rh1 Bxd5 35. Rxh2 Kg7 36. Bd3 Bc6 37. f4 g4 38.
Bxf5 exf5 39. Kd3 Bd5 40. Rd2 Rc7 41. Rf2 g3 42. Rd2 g2 0-1

[Event "Open A"]
[Site "Moscow RUS"]
[Date "2010.02.03"]
[Round "5"]
[White "Savchenko,B"]
[Black "Korobkov,P"]
[Result "1/2-1/2"]
[WhiteElo "2638"]
[BlackElo "2482"]
[EventDate "2010.01.30"]

1. e4 d5 2. exd5 Nf6 3. d4 Nxd5 4. c4 Nf6 5. Nf3 e6 6. Nc3 c5 7. Be2 a6 8.
O-O cxd4 9. Nxd4 Bd7 10. Bf3 Nc6 11. Nxc6 Bxc6 12. Bxc6+ bxc6 13. Qf3 Qc7
14. b3 Bd6 15. g3 O-O 16. Bb2 Be5 17. Rfe1 Nd7 18. Kg2 Rad8 19. Rad1 c5 20.
Na4 Bd4 21. Bxd4 cxd4 22. Rxd4 Ne5 23. Qe4 f5 24. Qxe5 Qxe5 25. Rxe5 Rxd4
26. Nc5 Rd2 27. a4 f4 28. g4 f3+ 29. Kg3 Rd1 30. a5 Rg1+ 31. Kh3 Rf4 32. g5
Rgg4 1/2-1/2

[Event "Open A"]
[Site "Moscow RUS"]
[Date "2010.02.03"]
[Round "5"]
[White "Panarin,M"]
[Black "Iordachescu,V"]
[Result "1/2-1/2"]
[WhiteElo "2518"]
[BlackElo "2629"]
[EventDate "2010.01.30"]

1. d4 Nf6 2. c4 e6 3. Nc3 Bb4 4. Qc2 O-O 5. a3 Bxc3+ 6. Qxc3 d5 7. Nf3 dxc4
8. Qxc4 b6 9. g3 Bb7 10. Bg2 Bd5 11. Qc2 Be4 12. Qc4 Nc6 13. O-O Na5 14.
Qb4 Qd5 15. Bf4 Nb3 16. Rad1 Rac8 17. Be5 Nd7 18. Bf4 a5 19. Qc3 a4 20.
Rfe1 Nf6 21. Be5 Ng4 22. Bh3 Nxe5 23. Nxe5 Rfd8 24. f3 Nxd4 25. Rxd4 Qxd4+
26. Qxd4 Rxd4 27. fxe4 Rd2 28. Rf1 Rf8 29. Nxf7 g6 30. Bxe6 Kg7 31. Kf2
Rxb2 32. Ke3 Rb3+ 33. Bxb3 axb3 34. Rb1 1/2-1/2

[Event "Open A"]
[Site "Moscow RUS"]
[Date "2010.02.03"]
[Round "5"]
[White "Iturrizaga,E"]
[Black "Shcherbakov,R"]
[Result "1-0"]
[WhiteElo "2616"]
[BlackElo "2505"]
[EventDate "2010.01.30"]

1. d4 Nf6 2. Nf3 c5 3. d5 b5 4. Bg5 a6 5. a4 bxa4 6. Nc3 Qb6 7. Nxa4 Qc7 8.
d6 Qb7 9. Ra3 Nc6 10. Rb3 Qa7 11. Bxf6 exf6 12. Nb6 Rb8 13. Re3+ Kd8 14.
Nc4 Rb4 15. Qd5 Qb8 16. b3 Rxc4 17. Qxc4 Qb4+ 18. Qxb4 Nxb4 19. Kd1 Bxd6
20. c3 Nc6 21. Rd3 Kc7 22. Nd2 Ne5 23. Rg3 Ng6 24. Rg4 Bb7 25. Ra4 Be5 26.
Kc2 d5 27. e3 Ra8 28. Be2 f5 29. Rha1 Kb6 30. b4 c4 31. g3 Bf6 32. Nf3 Re8
33. Bf1 Nf8 34. Nd4 Bxd4 35. exd4 Ne6 36. h4 Nc7 37. Kd2 Nb5 38. Bg2 h5 39.
Ra5 g6 40. Rg1 Kc7 41. Bf3 Kd6 42. Bd1 Re6 43. Ba4 Nc7 44. Rb1 f4 45. b5
axb5 46. Bxb5 fxg3 47. Bxc4 dxc4 48. Rxb7 gxf2 49. Rb6+ Kd7 50. Rb1 Re4 51.
Rf1 Rxh4 52. Rxf2 f5 53. Re2 Kd6 54. Ra4 g5 55. Rxc4 f4 56. Rc5 Nd5 57. c4
Ne3 58. Kd3 g4 59. Ra2 Rh3 60. Ke4 Nd1 61. Ra6+ Kd7 62. Rg5 Nc3+ 63. Kf5
1-0

[Event "Open A"]
[Site "Moscow RUS"]
[Date "2010.02.03"]
[Round "5"]
[White "Lintchevski,D"]
[Black "Deviatkin,A"]
[Result "1/2-1/2"]
[WhiteElo "2498"]
[BlackElo "2604"]
[EventDate "2010.01.30"]

1. e4 c6 2. d4 d5 3. Nc3 dxe4 4. Nxe4 Bf5 5. Ng3 Bg6 6. h4 h6 7. Nf3 Nd7 8.
h5 Bh7 9. Bd3 Bxd3 10. Qxd3 e6 11. Bd2 Qc7 12. O-O-O Ngf6 13. Ne4 O-O-O 14.
g3 Be7 15. Kb1 c5 16. Bf4 Qc6 17. Nxf6 Bxf6 18. d5 exd5 19. Qxd5 Ne5 20.
Qxc6+ Nxc6 21. c3 Rhe8 22. Rxd8+ Bxd8 23. Be3 b6 24. Kc2 Re6 25. Kd3 Rf6
26. Ke2 Re6 27. Rd1 Ne7 28. Nh4 g5 29. hxg6 fxg6 30. g4 Bc7 31. Rh1 Kd7 32.
Kd3 Rd6+ 33. Ke2 Re6 34. Kd3 1/2-1/2

[Event "Open A"]
[Site "Moscow RUS"]
[Date "2010.02.03"]
[Round "5"]
[White "Kovalenko,I"]
[Black "Hou Yifan"]
[Result "1-0"]
[WhiteElo "2486"]
[BlackElo "2590"]
[EventDate "2010.01.30"]

1. d4 Nf6 2. c4 c5 3. d5 e5 4. Nc3 d6 5. e4 Be7 6. Nf3 Nbd7 7. a3 O-O 8.
Bd3 Nh5 9. g3 g6 10. Bh6 Ng7 11. g4 Nf6 12. h3 Kh8 13. Qd2 a6 14. a4 Bd7
15. Kd1 Qc7 16. Kc2 Ng8 17. b3 f6 18. Rag1 Qc8 19. Be3 b5 20. cxb5 axb5 21.
axb5 f5 22. gxf5 gxf5 23. Bh6 Bf6 24. Ra1 Rf7 25. Rxa8 1-0

[Event "Open A"]
[Site "Moscow RUS"]
[Date "2010.02.03"]
[Round "5"]
[White "Maslak,K"]
[Black "Gochelashvili,D"]
[Result "0-1"]
[WhiteElo "2571"]
[BlackElo "2463"]
[EventDate "2010.01.30"]

1. e4 c5 2. Nf3 d6 3. d4 cxd4 4. Nxd4 Nf6 5. Nc3 g6 6. Be3 Bg7 7. f3 O-O 8.
Qd2 Nc6 9. Bc4 Bd7 10. O-O-O Rc8 11. Bb3 Ne5 12. Kb1 a6 13. h4 h5 14. g4
hxg4 15. h5 Nxh5 16. Bh6 Kh7 17. Bxg7 Kxg7 18. Rdg1 Rh8 19. f4 Nc4 20. Bxc4
Rxc4 21. f5 Nf6 22. Qe3 Rc5 23. Nd5 Nxd5 24. exd5 Rxd5 25. Qe4 Re5 26. Qxg4
Qa5 27. Qg3 Rxh1 28. Rxh1 Re4 29. fxg6 fxg6 30. Nf3 Re3 31. Rg1 Qh5 32. Rf1
Bc6 33. Re1 Qxf3 34. Rxe3 Qd1+ 0-1

[Event "Open A"]
[Site "Moscow RUS"]
[Date "2010.02.04"]
[Round "6"]
[White "Bu Xiangzhi"]
[Black "Amonatov,F"]
[Result "1/2-1/2"]
[WhiteElo "2673"]
[BlackElo "2634"]
[EventDate "2010.01.30"]

1. d4 Nf6 2. Nf3 g6 3. c4 Bg7 4. g3 O-O 5. Bg2 d6 6. O-O Nbd7 7. Nc3 e5 8.
e4 a6 9. b3 b5 10. dxe5 dxe5 11. cxb5 axb5 12. Qc2 Bb7 13. Nd2 c6 14. a4
Qb6 15. Bb2 Rfe8 16. b4 bxa4 17. Rfb1 Ba6 18. Nxa4 Qxb4 19. Bxe5 Bd3 20.
Rxb4 Bxc2 21. Nb6 Nxb6 22. Rxb6 Nd7 23. Rxa8 Rxa8 24. Rb2 Bxe4 25. Bxe4
Nxe5 26. Rc2 Rc8 27. f4 Ng4 1/2-1/2

[Event "Open A"]
[Site "Moscow RUS"]
[Date "2010.02.04"]
[Round "6"]
[White "Grachev,B"]
[Black "Belov,Vl"]
[Result "1/2-1/2"]
[WhiteElo "2653"]
[BlackElo "2595"]
[EventDate "2010.01.30"]

1. d4 Nf6 2. Nf3 g6 3. Bg5 Bg7 4. Nbd2 O-O 5. c3 h6 6. Bxf6 Bxf6 7. e4 d6
8. Bc4 e5 9. O-O exd4 10. Nxd4 Nc6 1/2-1/2